01008nam a22002657a 450000500170000001000130001702000260003003500130005603700160006904000120008508200180009710000260011524500620014126000400020327000560024330000210029950000190032065000310033965000370037065000140040794200270042199900190044895201340046795201410060120170124105917.0 aB-219771 c600.00a9788174452917 aB-219771 bCen Lib/Ret aDPLbEN a338.4791bKAB aKabia, Sunil K.93122 aTourism and the developing countries /cby Sunil K. Kabia aNew DelhibMohit Publicationsc2005 bNew Delhia4675/21, Ansari Road, Darya Ganje110002 av,300p.c22cmHb) aIncludes index aTravel and Tourism9102335 aDeveloping country-Tourism93124 a 9102336 2ddccENh338.4791mKAB c122929d122929 001040718REFaLbLd2015-05-30eCen Lib/Retg600.00l0o338.4791 KABpB-219771r2015-05-30 00:00:00t2v600.00w2016-09-15yEN 00104070aLbLd2015-07-01eCen Lib/Retg600.00l1o338.4791 KABpB-219770r2019-07-12 00:00:00s2019-06-27t1v600.00w2015-07-01yEN